000 00295nam a2200121Ia 4500
008 191201s2011 xx 000 0 und d
100 _aIYENGAR N.CH.S.N
245 0 _aDifferential Equation M.SC.(P) Math
260 _aN. delhi
_bVikas Pub
_c2011
300 _a179
650 _aMCA
942 _2ddc
_cBK
999 _c245
_d245